| 000 | 00540nam a2200193Ia 4500 | ||
|---|---|---|---|
| 005 | 20250508161505.0 | ||
| 008 | 008 250505s9999 xx 000 0 hin d | ||
| 037 | _aTextual | ||
| 040 |
_aFEDL _beng _cFEDL |
||
| 041 |
_ahin _2hin |
||
| 084 |
_a370.9, JAI _qFEDL |
||
| 100 |
_aJaiswal SitaRam _9757808 |
||
| 245 | 0 | _aPrachin paschami shiksha ka itihas | |
| 260 |
_aBanaras, India _bNanad Kishore and Brothers _c1949 |
||
| 300 | _a189p. | ||
| 650 | _aEducation | ||
| 942 |
_cTEXL _h370.9, JAI |
||
| 999 |
_c1370276 _d1370276 |
||